Dificultades de aprendizaje en la materia de matemática en los estudiantes de 6° grado de las escuelas del distrito 07-02 del municipio de Cojutepeque, departamento de Cuscatlán (Registro nro. 34376)

Detalles MARC
000 -CABECERA
Longitud fija campo de control 01257nam a22002297a 4500
003 - IDENTIFICADOR DELl NÚMERO DE CONTROL
Identificador del número de control OSt
005 - FECHA Y HORA DE LA ÚLTIMA TRANSACCIÓN
Fecha y hora de la última transacción 20241114191057.0
008 - CÓDIGOS DE INFORMACIÓN DE LONGITUD FIJA
Códigos de información de longitud fija 210511b ||||| |||| 00| 0 eng d
040 ## - FUENTE DE LA CATALOGACIÓN
Centro transcriptor BCRI
082 ## - NÚMERO DE LA CLASIFICACIÓN DECIMAL DEWEY
Númeroo de clasificación 372.7
100 1# - PUNTO DE ACCESO PRINCIPAL-NOMBRE DE PERSONA
Nombre de persona Hernández Orellana, Verónica Elizabeth
9 (RLIN) 47772
245 00 - MENCIÓN DE TÍTULO
Título Dificultades de aprendizaje en la materia de matemática en los estudiantes de 6° grado de las escuelas del distrito 07-02 del municipio de Cojutepeque, departamento de Cuscatlán
Resto del título : investigación
Mención de responsabilidad, etc. Verónica Elizabeth Hernández Orellana, Elsa Yamileth Leva Gutiérrez, Verónica Patricia Palacios Cañas
260 ## - PUBLICACIÓN, DISTRIBUCIÓN, ETC. (PIE DE IMPRENTA)
Lugar de publicación, distribución, etc. Ilobasco (Cabañas)
Nombre del editor, distribuidor, etc. Universidad Católica de El Salvador CRI
Fecha de publicación, distribución, etc. 2023
300 ## - DESCRIPCIÓN FÍSICA
Extensión 76 h.
Otras características físicas il.
Dimensiones 30 cm.
Material anejo Versión digital en USB
500 ## - NOTA GENERAL
Nota general Precede al tít.: Universidad Católica de El Salvador, Facultad Multidisciplinaria
502 ## - NOTA DE TESIS
Nota de tesis Para optar al grado académico de Maestras en Asesoría Educativa
650 #0 - PUNTO DE ACCESO ADICIONAL DE MATERIA - TÉRMINO DE MATERIA
9 (RLIN) 7302
Término de materia o nombre geográfico como elemento inicial Matemáticas
Subdivisión de materia general Didáctica
700 1# - PUNTO DE ACCESO ADICIONAL - NOMBRE DE PERSONA
9 (RLIN) 47773
Nombre de persona Leiva Gutiérrez, Elsa Yamileth
700 1# - PUNTO DE ACCESO ADICIONAL - NOMBRE DE PERSONA
9 (RLIN) 47774
Nombre de persona Palacios Cañas, Verónica Patricia
710 ## - PUNTO DE ACCESO ADICIONAL - NOMBRE DE ENTIDAD
Nombre de entidad o nombre de jurisdicción como elemento inicial Universidad Católica de El Salvador
Unidad subordinada Centro Regional de Ilobasco
-- Facultad Multidisciplinaria
-- Escuela de Posgrado
9 (RLIN) 49001
942 ## - ENTRADA DE ELEMENTOS AGREGADOS (KOHA)
Fuente de clasificaión o esquema Dewey Decimal Classification
Koha [por defecto] tipo de item 4- Trabajo de Graduación
Parte de clasificación prozim
Existencias
Suprimido Perdido Fuente de clasificación o esquema Estropeado Restricciones de uso No para préstamo Código de colección Localización permanente Localización actual Localización en estanter&íacute;as Fecha adquisición Fuente de adquisición Número de inventario Préstamos totales Renovaciones totales Signatura completa Código de barras Fecha última consulta Fecha último préstamo Fecha del precio de reemplazo Tipo de item de Koha
NULL NULL Dewey Decimal Classification NULL Prestable NULL NULL Biblioteca Centro Regional de Ilobasco Biblioteca Centro Regional de Ilobasco Sala Principal 04/09/2023 Donado por Verónica Orellana y equipo de trabajo 000266 8 6 IN-000266 1050969 18/12/2024 25/11/2024 04/10/2023 4- Trabajo de Graduación